[Event "Titled Tuesday intern op 09th Mar"]
[Site "Chess.com INT"]
[Date "2021.03.09"]
[Round "5"]
[White "Cramling Bellon, Anna"]
[Black "Winslow, Elliott C"]
[Result "1-0"]
[WhiteElo "2035"]
[BlackElo "2150"]
[PlyCount "103"]
[EventDate "2021.03.09"]
[EventType "swiss (blitz)"]
[EventRounds "11"]
[EventCountry "USA"]
[SourceTitle "CBM 201 Extra"]
[Source "ChessBase"]
[SourceDate "2021.05.31"]
[SourceVersion "1"]
[SourceVersionDate "2021.05.31"]
[SourceQuality "1"]

1. d4 Nf6 2. c4 e6 3. Nc3 c5 4. d5 exd5 5. cxd5 d6 6. e4 g6 7. f4 Bg7 8. Bb5+ Nfd7 9. Be2 0-0 10. Nf3 f5 11. 0-0 Nf6 12. e5 dxe5 13. fxe5 Ng4 14. d6 Be6 15. Bf4 Nc6 16. Ng5 Qd7 17. Nxe6 Qxe6 18. Bxg4 fxg4 19. Ne4 Rxf4 20. Rxf4 Bxe5 21. Qxg4 Bd4+ 22. Kh1 Qxg4 23. Rxg4 Rd8 24. Rf1 Ne5 25. Rgf4 Nd3 26. R4f3 Nxb2 27. Rb3 b6 28. g3 c4 29. Rb4 Be5 30. Re1 Kg7 31. Ng5 Kf6 32. Nxh7+ Ke6 33. Ng5+ Kf5 34. Rxe5+ Kxe5 35. Rxb2 Rxd6 36. Nf7+ Ke6 37. Nxd6 Kxd6 38. Rc2 b5 39. Kg2 Kd5 40. Kf3 Kd4 41. Ke2 b4 42. h4 a5 43. g4 a4 44. h5 gxh5 45. gxh5 b3 46. axb3 axb3 47. Rd2+ Ke4 48. h6 c3 49. Rd1 c2 50. Re1 Kd4 51. Kd2 Kc4 52. h7 1-0

[Event "Titled Tuesday intern op 09th Feb"]
[Site "Chess.com INT"]
[Date "2021.02.09"]
[Round "4"]
[White "Winslow, Elliott C"]
[Black "Javakhishvili, Lela"]
[Result "0-1"]
[WhiteElo "2150"]
[BlackElo "2473"]
[PlyCount "102"]
[EventDate "2021.02.09"]
[EventType "swiss (blitz)"]
[EventRounds "11"]
[EventCountry "USA"]
[SourceTitle "EXT 2022"]
[Source "ChessBase"]
[SourceDate "2021.10.06"]
[SourceVersion "1"]
[SourceVersionDate "2021.10.06"]
[SourceQuality "1"]

1. e4 c5 2. Nf3 e6 3. d4 cxd4 4. Nxd4 a6 5. Nc3 b5 6. Bd3 Bc5 7. Nb3 Be7 8. a4 b4 9. Nb1 Nc6 10. Bf4 Nf6 11. N1d2 0-0 12. 0-0 d6 13. Bg3 e5 14. a5 Be6 15. Qe2 Qc8 16. f4 exf4 17. Bxf4 Nd7 18. Nc4 Nde5 19. Nb6 Qb7 20. Nxa8 Rxa8 21. Be3 Nxd3 22. Qxd3 Ne5 23. Qd1 Rc8 24. Nd4 Bc4 25. Rf2 Qxe4 26. Nf5 Bf8 27. Qd4 Bd5 28. Rd1 Ba8 29. Qxe4 Bxe4 30. Nxd6 Rd8 31. Rfd2 Bg6 32. Bb6 Rd7 33. c4 bxc3 34. bxc3 Bh5 35. Re1 Rxd6 36. Rxd6 Bxd6 37. Re4 f5 38. Rd4 Bf8 39. Rd8 Kf7 40. Ra8 Be2 41. Kf2 Bb5 42. Ra7+ Kg6 43. Bd4 Nf7 44. Ke3 Bd6 45. h3 h5 46. Bb6 Ne5 47. Kd4 Nc6+ 48. Kd5 Nxa7 49. Kxd6 Nc6 50. c4 Ba4 51. Ke6 f4 0-1

[Event "Titled Tuesday intern op 09th Feb"]
[Site "Chess.com INT"]
[Date "2021.02.09"]
[Round "3"]
[White "Zacarias Martinez, Ruben David"]
[Black "Winslow, Elliott C"]
[Result "0-1"]
[WhiteElo "2135"]
[BlackElo "2150"]
[PlyCount "44"]
[EventDate "2021.02.09"]
[EventType "swiss (blitz)"]
[EventRounds "11"]
[EventCountry "USA"]
[SourceTitle "EXT 2022"]
[Source "ChessBase"]
[SourceDate "2021.10.06"]
[SourceVersion "1"]
[SourceVersionDate "2021.10.06"]
[SourceQuality "1"]

1. e4 c5 2. Nf3 d6 3. d4 cxd4 4. Nxd4 Nf6 5. Nc3 g6 6. Be3 Bg7 7. Be2 0-0 8. Nb3 Nc6 9. f4 a5 10. a4 Be6 11. 0-0 Rc8 12. Nd4 Nxd4 13. Bxd4 Bc4 14. Bd3 Re8 15. Qe2 e5 16. fxe5 Bxd3 17. cxd3 dxe5 18. Be3 Nh5 19. Nd5 Re6 20. Qf2 Qe8 21. Rac1 Rec6 22. Rc3 Nf4 0-1

[Event "Titled Tuesday intern op 12th Jan"]
[Site "Chess.com INT"]
[Date "2021.01.12"]
[Round "2"]
[White "Lopez Gracia, Fernando"]
[Black "Winslow, Elliott C"]
[Result "0-1"]
[WhiteElo "2299"]
[BlackElo "2150"]
[PlyCount "72"]
[EventDate "2021.01.12"]
[EventType "swiss (blitz)"]
[EventRounds "11"]
[EventCountry "USA"]
[SourceTitle "CBM 200 Extra"]
[Source "ChessBase"]
[SourceDate "2021.03.31"]
[SourceVersion "1"]
[SourceVersionDate "2021.03.31"]
[SourceQuality "1"]

1. c4 e6 2. d4 Nf6 3. Nf3 c5 4. d5 exd5 5. cxd5 d6 6. Nc3 g6 7. e4 Bg7 8. h3 0-0 9. Bd3 b5 10. Nxb5 Nxe4 11. Bxe4 Re8 12. 0-0 Rxe4 13. Nc3 Re8 14. Bf4 Ba6 15. Re1 Rxe1+ 16. Qxe1 Bb7 17. Rd1 Na6 18. Nb5 Bf8 19. Ng5 Qb6 20. a4 Nb4 21. Nxf7 Kxf7 22. Qe6+ Kg7 23. Nxd6 Bxd6 24. Bxd6 Bxd5 25. Rxd5 Nxd5 26. Qxd5 Rd8 27. Be5+ Kf8 28. Qf3+ Kg8 29. Bc3 Qd6 30. Qb7 Qd1+ 31. Kh2 Qd7 32. Qe4 Qd5 33. Qh4 h5 34. g3 Rf8 35. Qe7 Rxf2+ 36. Kg1 Qg2# 0-1